Kutumbavyavasthe: marksvada strivada (Record no. 123482)

MARC details
000 -LEADER
fixed length control field 01933nam a2200265Ia 4500
003 - CONTROL NUMBER IDENTIFIER
control field OSt
005 - DATE AND TIME OF LATEST TRANSACTION
control field 20251114160858.0
008 - FIXED-LENGTH DATA ELEMENTS--GENERAL INFORMATION
fixed length control field 210210b2018 xxu||||| |||| 00| 0 eng d
020 ## - INTERNATIONAL STANDARD BOOK NUMBER
International Standard Book Number 9788184570561
040 ## - CATALOGING SOURCE
Transcribing agency AL
041 ## - LANGUAGE CODE
Language code of text/sound track or separate title Kannada
082 ## - DEWEY DECIMAL CLASSIFICATION NUMBER
Classification number 305.42K OLGK
100 ## - MAIN ENTRY--PERSONAL NAME
Personal name OLGA
Dates associated with a name ಓಲ್ಗಾ
9 (RLIN) 245604
245 ## - TITLE STATEMENT
Title Kutumbavyavasthe: marksvada strivada
Remainder of title ಕುಟುಂಬ ವ್ಯವಸ್ಥೆ, ಮಾರ್ಕ್ಸ್‌ವಾದ– ಸ್ತ್ರೀವಾದ
260 ## - PUBLICATION, DISTRIBUTION, ETC.
Place of publication, distribution, etc. Gadaga
Name of publisher, distributor, etc. Ladayi Prakashana
Date of publication, distribution, etc. 2018
300 ## - PHYSICAL DESCRIPTION
Extent x,101
520 ## - SUMMARY, ETC.
Summary, etc. ತೆಲುಗು ಸಾಹಿತ್ಯ ಕ್ಷೇತ್ರದಲ್ಲಿ ಸೃಜನಶೀಲ ಲೇಖಕಿಯಾಗಿ, ಸ್ತ್ರೀವಾದಿ ಚಿಂತಕಿಯಾಗಿ, ಮಹಿಳಾ ಚಳವಳಿಯ ಸಕ್ರಿಯ ಹೋರಾಟಗಾರ್ತಿಯಾಗಿ ಓಲ್ಗಾ ಅವರನ್ನು ಗುರುತಿಸಲಾಗುತ್ತದೆ. ಓಲ್ಗಾ ಅವರು ತಮ್ಮ ಈ ಕೃತಿಯಲ್ಲಿ ಮಾರ್ಕ್ಸ್‌ವಾದ ಮತ್ತು ಸ್ತ್ರೀವಾದಗಳ ನಡುವಿನ ಸಂಬಂಧವನ್ನು ಪರಿಶೀಲಿಸುವಂಥ ವಿಚಾರಗಳನ್ನು ವಿವರಿಸಿದ್ದಾರೆ. ಈ ಕೃತಿಯನ್ನು ಬಿ. ಸುಜ್ಞಾನಮೂರ್ತಿ ಅವರು ಕನ್ನಡಕ್ಕೆ ಅನುವಾದ ಮಾಡಿದ್ದಾರೆ. ಅವರು ತಮ್ಮ ಲೇಖನದಲ್ಲಿ ಮಹಿಳೆ, ಕುಟುಂಬ ಸಾಮಾಜಿಕ ಸಂಬಂಧಗಳ ಕುರಿತು ವಿವರಗಳನ್ನು ಒದಗಿಸಿದ್ದಾರೆ.
650 ## - SUBJECT ADDED ENTRY--TOPICAL TERM
Topical term or geographic name entry element strivada
9 (RLIN) 245605
650 ## - SUBJECT ADDED ENTRY--TOPICAL TERM
Topical term or geographic name entry element marksvada
9 (RLIN) 245606
650 ## - SUBJECT ADDED ENTRY--TOPICAL TERM
Topical term or geographic name entry element Kutumbavyavasthe
9 (RLIN) 245607
690 ## - LOCAL SUBJECT ADDED ENTRY--TOPICAL TERM (OCLC, RLIN)
Topical term or geographic name as entry element Family Living
9 (RLIN) 245608
700 ## - ADDED ENTRY--PERSONAL NAME
Personal name B. Sujnamurti
Dates associated with a name ಬಿ. ಸುಜ್ಞಾನಮೂರ್ತಿ
9 (RLIN) 245609
906 ## - LOCAL DATA ELEMENT F, LDF (RLIN)
a 073713
942 ## - ADDED ENTRY ELEMENTS (KOHA)
Source of classification or shelving scheme Dewey Decimal Classification
Koha item type Book
Holdings
Withdrawn status Lost status Source of classification or shelving scheme Damaged status Not for loan Collection code Home library Current library Shelving location Date acquired Source of acquisition Cost, normal purchase price Total Checkouts Full call number Barcode Date last seen Price effective from Koha item type
    Dewey Decimal Classification     Sociology St Aloysius Library St Aloysius Library   02/17/2021 Sapna Book House Pvt Ltd, K S Rao Road, Mangalore 80.00   305.42K OLGK 073713 02/17/2021 02/17/2021 Book